000 00442nam a2200169Ia 4500
003 GCL
008 140319s9999 xx 000 0 eng d
040 _aGCL /
_cGCL
082 0 4 _a621.381
_bS D
100 1 _aDE SA, A.
245 1 0 _aPRINCIPLES OF ELECTRONIC INSTRUMENTATION /
_cDE SA, A.
260 _a[S.N] :
_bEDWARD ARNOLD ،
_c1990
300 _a270 P
650 0 4 _aELECTRONICS
650 0 4 _aELECTRONIC MEASUREMENTS
942 _2ddc
_cBK
999 _c19798
_d19798